| 000 | 00513nam a2200181Ia 4500 | ||
|---|---|---|---|
| 999 |
_c32629 _d32629 |
||
| 003 | OSt | ||
| 005 | 20201013101350.0 | ||
| 008 | 190216s9999||||xx |||||||||||||| ||und|| | ||
| 020 | _a9788178796451 | ||
| 040 | _coclc | ||
| 082 |
_a796.06 _bSIN/M |
||
| 100 |
_aSingh, Ramesh _9536 |
||
| 245 | 0 |
_aManagement Of Sports / _cRamesh Singh |
|
| 260 |
_bSports Publication, _c2011. _aNew Delhi: |
||
| 300 | _a320p | ||
| 650 | _aSports And Games | ||
| 942 |
_cBK _2ddc _h796.06 _iSIN/M _k796.06 _mSIN/M |
||